[Event "Zwettl op"]
[Site "Zwettl"]
[Date "2012.07.27"]
[Round "7"]
[White "Schneider, Wolfgang"]
[Black "Modliba, Franz"]
[Result "0-1"]
[WhiteElo "1233"]
[BlackElo "1563"]
[PlyCount "118"]
[EventDate "2012.07.21"]
[EventType "swiss"]
[EventRounds "9"]
[EventCountry "AUT"]
[SourceTitle "CBM 149 Extra"]
[Source "ChessBase"]
[SourceDate "2012.08.24"]
[SourceVersion "1"]
[SourceVersionDate "2012.08.24"]
[SourceQuality "1"]

1. e4 c5 2. c4 Nc6 3. Nf3 g6 4. d4 cxd4 5. Nxd4 Bg7 6. Nxc6 bxc6 7. Bd3 Rb8 8. Qc2 Qb6 9. Nc3 d6 10. 0-0 Nf6 11. Be2 0-0 12. Rb1 a5 13. b3 Nd7 14. Be3 Qb4 15. Bd2 Qb7 16. Na4 Qc7 17. g3 Ba6 18. Rfe1 Rfc8 19. c5 Bxe2 20. Rxe2 Bd4 21. b4 axb4 22. Bxb4 Rb5 23. cxd6 exd6 24. Ba3 Rcb8 25. Rxb5 Rxb5 26. Nc3 Rb7 27. Rd2 Bc5 28. Bb2 Ne5 29. Kg2 Nc4 30. Qc1 Nxd2 31. Qxd2 Bb4 32. a3 Ba5 33. Qc2 Qb8 34. Na4 c5 35. Qe2 Rb3 36. f4 Qb5 37. Qxb5 Rxb5 38. e5 dxe5 39. fxe5 Kf8 40. Bc1 c4 41. Bb2 Rb3 42. Kf1 c3 43. Bxc3 Bxc3 44. Nc5 Rxa3 45. e6 f5 46. Kg2 Bd4 47. Nd7+ Ke7 48. Kh3 Re3 49. Kh4 Rxe6 50. Nb8 Bg1 51. h3 Re4+ 52. g4 f4 53. g5 f3+ 54. Kg3 f2 55. Kg2 Re3 56. Nc6+ Kf8 57. Nd4 Rxh3 58. Nf3 Rg3+ 59. Kxg3 f1Q 0-1

[Event "Zwettl op"]
[Site "Zwettl"]
[Date "2012.07.22"]
[Round "2"]
[White "Modliba, Franz"]
[Black "Kirschenhofer, Sabine"]
[Result "1/2-1/2"]
[WhiteElo "1563"]
[BlackElo "1299"]
[PlyCount "59"]
[EventDate "2012.07.21"]
[EventType "swiss"]
[EventRounds "9"]
[EventCountry "AUT"]
[SourceTitle "CBM 149 Extra"]
[Source "ChessBase"]
[SourceDate "2012.08.24"]
[SourceVersion "1"]
[SourceVersionDate "2012.08.24"]
[SourceQuality "1"]

1. d4 d5 2. c4 e6 3. Nf3 c5 4. cxd5 exd5 5. dxc5 Bxc5 6. Nd4 Nc6 7. e3 Nf6 8. Nc3 0-0 9. Be2 Re8 10. 0-0 Bd7 11. Re1 Rc8 12. a3 Ne5 13. Bd2 Nc4 14. Bxc4 dxc4 15. b3 cxb3 16. Qxb3 Qb6 17. Qxb6 Bxb6 18. Ndb5 Rc6 19. Nd4 Rd6 20. Nce2 Rc8 21. Bb4 Rd5 22. Rac1 a5 23. Rxc8+ Bxc8 24. Rc1 Bd7 25. Bc3 Bd8 26. Bb2 h6 27. Nf4 Rd6 28. h3 b5 29. Nd3 Bb6 30. Ne5 1/2-1/2

[Event "Zwettl op"]
[Site "Zwettl"]
[Date "2012.07.21"]
[Round "1"]
[White "Prinz, Hubert"]
[Black "Modliba, Franz"]
[Result "1-0"]
[WhiteElo "1880"]
[BlackElo "1563"]
[PlyCount "59"]
[EventDate "2012.07.21"]
[EventType "swiss"]
[EventRounds "9"]
[EventCountry "AUT"]
[SourceTitle "CBM 149 Extra"]
[Source "ChessBase"]
[SourceDate "2012.08.24"]
[SourceVersion "1"]
[SourceVersionDate "2012.08.24"]
[SourceQuality "1"]

1. d4 Nf6 2. Nf3 g6 3. Nbd2 Bg7 4. e4 d6 5. c3 0-0 6. Bc4 e6 7. e5 dxe5 8. Nxe5 Nbd7 9. Nxd7 Bxd7 10. 0-0 Bc6 11. Nf3 Bd5 12. Bd3 b6 13. Ba6 Rb8 14. Qe2 Re8 15. Ne5 Nd7 16. Ng4 Nf6 17. Bg5 h6 18. Nxh6+ Kh7 19. Nxf7 Qd7 20. Ne5 Qd6 21. Bd3 Kg8 22. Bxg6 Rf8 23. f4 c5 24. c4 Bb7 25. dxc5 Qxc5+ 26. Kh1 Rbd8 27. Rad1 a6 28. Bxf6 Rxd1 29. Rxd1 Rxf6 30. Nd7 1-0